Szeged. - 1924. január 11., Péntek
Elmentve itt :
| Dokumentumtípus: | Újság |
|---|---|
| Megjelent: |
1924-01-11
|
| Sorozat: | Szeged
5 No. 9 |
| Online Access: | http://dmarchiv.bibl.u-szeged.hu/4341 |
| LEADER | 00462nas a2200145 i 4500 | ||
|---|---|---|---|
| 001 | delm4341 | ||
| 005 | 20200414151415.0 | ||
| 008 | 171213s1924 hu n o 0|| hun d | ||
| 022 | |a 0133-025X | ||
| 040 | |a SZTE Délmagyarország Archívum |b hun | ||
| 041 | |a hun | ||
| 245 | 0 | 0 | |a Szeged. - 1924. január 11., Péntek |h [elektronikus dokumentum] |
| 260 | |c 1924-01-11 | ||
| 490 | 0 | |a Szeged |v 5 No. 9 | |
| 856 | 4 | 0 | |u http://dmarchiv.bibl.u-szeged.hu/4341/1/dm_1924_009.pdf |z Dokumentum-elérés |